Những suy nghĩ về sức khoẻ

Những chứng minh của tác giả về sự dự trữ sức khoẻ của con người về khả năng chống đỡ tác động có hại của môi trường; Những lời khuyên về chăm lo sức khoẻ, cách bảo vệ sức khoẻ và cách sống lành mạnh

保存先:
書誌詳細
第一著者: Amôxôp, N. M.
その他の著者: Văn An (Dịch)
フォーマット: 図書
言語:Vietnamese
出版事項: H. Thể dục thể thao 1981
主題:
タグ: タグ追加
タグなし, このレコードへの初めてのタグを付けませんか!
Thư viện lưu trữ: Mạng thư viện Đại học Đà Nẵng
LEADER 01447nam a22003858a 4500
001 000009538
003 5735
005 20111028101000.0
008 111028s1981 b 000 0 vieod
020 |c 9500đ  |d 8000b 
041 0 |a vie 
041 0 |a dịch nga 
082 |a 613  |b AM-N 
084 |a N  |b NH556S 
100 1 |a Amôxôp, N. M. 
245 1 0 |a Những suy nghĩ về sức khoẻ  |c N. M. Amôxôp ; Văn An dịch 
260 |a H.  |b Thể dục thể thao  |c 1981 
300 |a 135tr  |c 19cm 
520 |a Những chứng minh của tác giả về sự dự trữ sức khoẻ của con người về khả năng chống đỡ tác động có hại của môi trường; Những lời khuyên về chăm lo sức khoẻ, cách bảo vệ sức khoẻ và cách sống lành mạnh 
653 |a Sức khoẻ 
653 |a chăm sóc sức khoẻ 
653 |a thể dục 
653 |a con người 
700 1 |a Văn An  |e Dịch 
910 |a Nguyễn Thị Kim Oanh  |d 28/10/2011 
OWN |a LSP 
AVA |a UDN50  |b LSP  |d 613 AM-N  |e available  |t Error 5001 Not defined in file expand_doc_bib_avail.  |f 2  |g 1  |h N  |i 0  |k 1 
999 |a From the UDN01 
AVA |a UDN50  |b LSP  |d 613 AM-N  |e available  |t Error 5001 Not defined in file expand_doc_bib_avail.  |f 2  |g 1  |h N  |i 0  |k 1 
TYP |a Monograph 
TYP |a Printed language 
980 |a Mạng thư viện Đại học Đà Nẵng